| 000 | 00678 a2200181 4500 | ||
|---|---|---|---|
| 999 |
_c11264 _d11264 |
||
| 050 | 0 | 0 |
_aRC627.8 _bGAR 1963 |
| 100 |
_aGarrod,Archibald _eauthor |
||
| 245 | 0 | 0 |
_aGarrod's Inborn Errors of Metabolism / _cArchibald Garrod |
| 264 |
_aNew York: _bOxford University Press, _c1963 |
||
| 300 |
_a207 pages _billustrations |
||
| 336 |
_2rdacontent _atext _btxt |
||
| 337 |
_2rdamedia _aunmediated _bn |
||
| 338 |
_2rdacarrier _avolume _bnc |
||
| 504 | _aIncludes bibliographical references and index. | ||
| 650 | 0 |
_aMetabolism, Inborn errors of _xCongresses. |
|
| 942 |
_2lcc _cBK _h627.8 _iGAR _kRC |
||